<?xml version="1.0" encoding="UTF-8"?>
<record
    xmlns:xsi="http://www.w3.org/2001/XMLSchema-instance"
    xsi:schemaLocation="http://www.loc.gov/MARC21/slim http://www.loc.gov/standards/marcxml/schema/MARC21slim.xsd"
    xmlns="http://www.loc.gov/MARC21/slim">

  <leader>01296nam a22002657a 4500</leader>
  <controlfield tag="005">20170124103100.0</controlfield>
  <datafield tag="010" ind1=" " ind2=" ">
    <subfield code="a">986112</subfield>
  </datafield>
  <datafield tag="020" ind1=" " ind2=" ">
    <subfield code="c">80.00</subfield>
  </datafield>
  <datafield tag="035" ind1=" " ind2=" ">
    <subfield code="a">986112</subfield>
  </datafield>
  <datafield tag="037" ind1=" " ind2=" ">
    <subfield code="b">Cen Lib/Ret</subfield>
  </datafield>
  <datafield tag="040" ind1=" " ind2=" ">
    <subfield code="a">DPL</subfield>
    <subfield code="b">HN</subfield>
  </datafield>
  <datafield tag="082" ind1=" " ind2=" ">
    <subfield code="a">822.08</subfield>
    <subfield code="b">&#x92E;&#x94B;&#x939;&#x928;</subfield>
  </datafield>
  <datafield tag="100" ind1=" " ind2=" ">
    <subfield code="a">&#x930;&#x940;&#x924;&#x93E; &#x915;&#x941;&#x92E;&#x93E;&#x930; </subfield>
    <subfield code="9">142285</subfield>
  </datafield>
  <datafield tag="245" ind1=" " ind2=" ">
    <subfield code="a">&#x938;&#x94D;&#x935;&#x93E;&#x924;&#x928;&#x94D;&#x924;&#x94D;&#x930;&#x94B;&#x924;&#x94D;&#x924;&#x930; &#x939;&#x93F;&#x902;&#x926;&#x940; &#x928;&#x93E;&#x91F;&#x915; : &#x92E;&#x94B;&#x939;&#x928; &#x930;&#x93E;&#x915;&#x947;&#x936; &#x915;&#x947; &#x935;&#x93F;&#x936;&#x947;&#x937; &#x938;&#x92E;&#x94D;&#x92C;&#x928;&#x94D;&#x927; &#x92E;&#x947;&#x902;   /</subfield>
    <subfield code="c">&#x930;&#x940;&#x924;&#x93E; &#x915;&#x941;&#x92E;&#x93E;&#x930; </subfield>
  </datafield>
  <datafield tag="246" ind1=" " ind2=" ">
    <subfield code="a">Swatnttotar hindi natak : mohan rakesh ke vishesh sambandh me </subfield>
    <subfield code="b">by  Reeta Kumar </subfield>
  </datafield>
  <datafield tag="260" ind1=" " ind2=" ">
    <subfield code="a">&#x938;&#x93E;&#x939;&#x93F;&#x92C;&#x93E;&#x92C;&#x93E;&#x926; </subfield>
    <subfield code="b">&#x935;&#x93F;&#x92D;&#x941;  &#x92A;&#x94D;&#x930;&#x915;&#x93E;&#x936;&#x928; </subfield>
    <subfield code="c">1980</subfield>
  </datafield>
  <datafield tag="270" ind1=" " ind2=" ">
    <subfield code="a">&#x938;&#x940; -99,&#x936;&#x94D;&#x92F;&#x93E;&#x92E; &#x90F;&#x928;&#x94D;&#x915;&#x94D;&#x932;&#x947;&#x935; &#x91C;&#x94D;&#x91E;&#x93E;&#x928;&#x940;  &#x92C;&#x949;&#x930;&#x94D;&#x921;&#x930; </subfield>
    <subfield code="b">&#x938;&#x93E;&#x939;&#x93F;&#x92C;&#x93E;&#x92C;&#x93E;&#x926; </subfield>
    <subfield code="e">201005</subfield>
  </datafield>
  <datafield tag="300" ind1=" " ind2=" ">
    <subfield code="a">386&#x92A;&#x943;&#x937;&#x94D;&#x920;. </subfield>
    <subfield code="c">20&#x938;&#x947;&#x92E;&#x940;(&#x938;&#x91C;&#x93F;&#x932;&#x94D;&#x926;)</subfield>
  </datafield>
  <datafield tag="500" ind1=" " ind2=" ">
    <subfield code="a">&#x938;&#x928;&#x94D;&#x926;&#x930;&#x94D;&#x92D; &#x917;&#x94D;&#x930;&#x925; &#x936;&#x93E;&#x92E;&#x93F;&#x932; </subfield>
  </datafield>
  <datafield tag="650" ind1=" " ind2=" ">
    <subfield code="a">&#x939;&#x93F;&#x902;&#x926;&#x940; &#x938;&#x93E;&#x939;&#x93F;&#x924;&#x94D;&#x92F; </subfield>
    <subfield code="9">142286</subfield>
  </datafield>
  <datafield tag="650" ind1=" " ind2=" ">
    <subfield code="a">&#x939;&#x93F;&#x902;&#x926;&#x940; &#x928;&#x93E;&#x91F;&#x915; &#x92C;&#x926;&#x932;&#x924;&#x947; &#x938;&#x928;&#x94D;&#x926;&#x930;&#x94D;&#x92D; </subfield>
    <subfield code="9">76528</subfield>
  </datafield>
  <datafield tag="650" ind1=" " ind2=" ">
    <subfield code="a">Hindi literature</subfield>
    <subfield code="9">142287</subfield>
  </datafield>
  <datafield tag="650" ind1=" " ind2=" ">
    <subfield code="a">Hindi drama changing context</subfield>
    <subfield code="9">76530</subfield>
  </datafield>
  <datafield tag="942" ind1=" " ind2=" ">
    <subfield code="2">ddc</subfield>
    <subfield code="c">HN</subfield>
    <subfield code="h">822.08</subfield>
    <subfield code="m">&#x92E;&#x94B;&#x939;&#x928;</subfield>
  </datafield>
  <datafield tag="999" ind1=" " ind2=" ">
    <subfield code="c">117730</subfield>
    <subfield code="d">117730</subfield>
  </datafield>
  <datafield tag="952" ind1=" " ind2=" ">
    <subfield code="0">0</subfield>
    <subfield code="1">0</subfield>
    <subfield code="4">0</subfield>
    <subfield code="7">0</subfield>
    <subfield code="a">L</subfield>
    <subfield code="b">L</subfield>
    <subfield code="d">2015-09-08</subfield>
    <subfield code="e">Cen Lib /Ret</subfield>
    <subfield code="g">80.00</subfield>
    <subfield code="l">2</subfield>
    <subfield code="o">822.08 &#x92E;&#x94B;&#x939;&#x928;</subfield>
    <subfield code="p">986112</subfield>
    <subfield code="r">2018-10-16 00:00:00</subfield>
    <subfield code="s">2018-09-24</subfield>
    <subfield code="t">1</subfield>
    <subfield code="v">80.00</subfield>
    <subfield code="w">2016-09-15</subfield>
    <subfield code="y">HN</subfield>
  </datafield>
</record>
